|
|
|
|
| LEADER |
00000nam0a2200000 4500 |
| 001 |
123096 |
| 005 |
20231031130354.0 |
| 010 |
|
|
|a 9785922107624
|
| 035 |
|
|
|a (RuTPU)RU\TPU\book\133265
|
| 090 |
|
|
|a 123096
|
| 100 |
|
|
|a 20071011d2007 k y0rusy50 ca
|
| 101 |
1 |
|
|a rus
|c eng
|
| 102 |
|
|
|a RU
|
| 105 |
|
|
|a a z 001zy
|
| 200 |
1 |
|
|a Управление потоками работ: модели, методы и системы
|e пер. с англ.
|f В. ван дер Аалст, К. ван Хей
|g под ред. И. А. Ломазовой
|
| 210 |
|
|
|a Москва
|c Физматлит
|d 2007
|
| 215 |
|
|
|a 316 с.
|c ил.
|
| 225 |
1 |
|
|a Информационные и компьютерные технологии
|
| 320 |
|
|
|a Список литературы: с. 311-315.
|
| 330 |
|
|
|a Управление потоками работ (англ. — workflow) — это процесс распределения задач и документов между исполнителями — сотрудниками и/или прикладными компьютерными программами. Системы управления потоками работ идеально подходят для внедрения в дистрибьюторских компаниях, банках, финансовых и юридических организациях, для решения задач офисной логистики. В качестве средства моделирования используются сети Петри. Описания процессов в терминах сетей Петри являются формально строгими и в то же время ясными и наглядными, что облегчает понимание между разработчиками систем и заказчиками. В книге приводится большое число примеров и задач. Эта книга предназначена для специалистов в области информационных технологий, управления производством и менеджмента, а также для преподавателей и студентов соответствующих специальностей.
|
| 610 |
1 |
|
|a экономика
|
| 610 |
1 |
|
|a экономические методы
|
| 610 |
1 |
|
|a экономические модели
|
| 610 |
1 |
|
|a потоки работ
|
| 610 |
1 |
|
|a управление
|
| 610 |
1 |
|
|a моделирование
|
| 610 |
1 |
|
|a анализ
|
| 610 |
1 |
|
|a организации
|
| 610 |
1 |
|
|a системы управления
|
| 610 |
1 |
|
|a архитектура
|
| 610 |
1 |
|
|a информационные технологии
|
| 610 |
1 |
|
|a потоковые системы
|
| 610 |
1 |
|
|a примеры
|
| 610 |
1 |
|
|a SAGITTA 2000
|
| 610 |
1 |
|
|a сети Петри
|
| 610 |
1 |
|
|a UML
|
| 610 |
1 |
|
|a диаграммы
|
| 686 |
|
|
|a Ув631.5
|v LBC/SL-A
|2 rubbk
|
| 686 |
|
|
|a У821
|v LBC/SL-A
|2 rubbk
|
| 700 |
|
1 |
|a Аалст
|b В. ван дер
|g Вил
|
| 701 |
|
1 |
|a Хей
|b К. ван
|g Кейс
|
| 702 |
|
1 |
|a Ломазова
|b И. А.
|4 340
|
| 801 |
|
1 |
|a RU
|b 63413507
|c 20071011
|g PSBO
|
| 801 |
|
2 |
|a RU
|b 63413507
|c 20220913
|g PSBO
|
| 942 |
|
|
|c BK
|